[Event "Bistro Stella Rapid 2018"]
[Site "Limhamm"]
[Date "2018.12.01"]
[Round "3"]
[White "Hansen, Sune Berg"]
[Black "Grandelius, Nils"]
[Result "1/2-1/2"]
[WhiteElo "2583"]
[BlackElo "2678"]
[Annotator "TA"]
[PlyCount "54"]
[EventDate "2018.12.01"]
[EventType "swiss"]
[EventCountry "SWE"]
[SourceTitle "playchess.com"]
[Source "ChessBase"]
[SourceQuality "1"]

{[%evp 20,54,0,0,0,0,2,0,0,0,0,0,0,0,0,0,0,0,0,0,0,0,0,0,0,-10,0,0,0,-10,0,0,-2,-3,0,0,0]} 1. e4 c5 2. Nf3 d6 3. c3 Nf6 4. Bd3 Nc6 5. h3 g6 6. Bc2 e5 {B50: Sicilian: 2...d6, Miscellaneous} 7. d4 (7. O-O Bg7 8. d3 O-O 9. a3 b6 10. b4 Qe7 11. Re1 Bb7 12. Bg5 Nd8 13. Nbd2 Ne6 14. Bh4 {½-½ (49) Hamdouchi,H (2597)-Duda,J (2663) Doha 2015}) 7... cxd4 8. cxd4 exd4 9. Nxd4 Bg7 10. Be3 O-O 11. Nc3 {LiveBook: 6 Games. The position is equal.} d5 12. O-O dxe4 13. Nxc6 bxc6 14. Nxe4 Ba6 15. Re1 Nxe4 {[%mdl 64] [#] Discovered Attack} 16. Bxe4 Bxb2 17. Rb1 $146 Bc3 {Hoping for ...Qa5.} 18. Qxd8 Raxd8 19. Rec1 Bd4 20. Bxd4 Rxd4 21. Bxc6 Rc8 (21... Rfd8 {feels hotter.} 22. a3 Kg7 23. Rb4 h5 24. Bf3 Bd3) 22. Rb2 Rc4 23. Rxc4 Bxc4 24. Ba4 Be6 25. Rb7 Bxa2 26. Rxa7 Be6 27. Bd7 Bxd7 {Accuracy: White = 70%, Black = 63%.} 1/2-1/2

[Event "Bistro Stella Rapid 2018"]
[Site "Limhamm"]
[Date "2018.12.01"]
[Round "3"]
[White "Hillarp Persson, Tiger"]
[Black "Brynell, Stellan"]
[Result "1/2-1/2"]
[WhiteElo "2546"]
[BlackElo "2409"]
[Annotator "TA"]
[PlyCount "106"]
[EventDate "2018.12.01"]
[EventType "swiss"]
[EventCountry "SWE"]
[SourceTitle "playchess.com"]
[Source "ChessBase"]
[SourceQuality "1"]

{[%evp 13,106,0,8,-26,-33,-42,-30,-41,-18,-68,-73,-103,-79,-79,-94,-91,-87,-99,-26,-18,-7,-16,-18,-36,0,0,0,0,0,0,35,30,194,190,177,187,164,180,226,220,220,162,170,144,141,145,152,149,122,34,43,41,39,0,37,0,0,0,0,0,0,0,75,79,146,157,157,52,51,0,0,0,0,-231,-240,-193,-50,-340,0,0,0,-333,-352,-353,-312,-319,0,0,0,-1,0,0,0,-2,0]} 1. Nf3 d5 {[%cal Bd7d5,Bd5d4][%mdl 32]} 2. g3 Nf6 3. Bg2 g6 4. c4 c6 5. Qa4 d4 (5... Nbd7 6. cxd5 cxd5 7. Nc3 Bg7 8. Qb3 Qb6 9. Qxb6 Nxb6 10. d3 O-O 11. Be3 e6 12. a4 Bd7 13. a5 Nc8 {½-½ (31) Wang,Y (2706)-Zhou,W (2606) China 2017}) 6. d3 {A11: English Opening: 1...c6} Bg7 7. O-O $146 ({Predecessor:} 7. b4 O-O 8. O-O a5 9. Bb2 Nh5 10. Nbd2 Na6 11. b5 {1-0 (77) Ehlvest,J (2536)-Smirnov,A (2527) chess.com INT 2018}) 7... O-O {LiveBook: 3 Games} 8. Qc2 a5 9. e3 dxe3 10. Bxe3 Na6 11. a3 Ng4 $1 12. Nc3 Bf5 13. Rad1 Nxe3 14. fxe3 Nc5 {[%cal Rf5d3]} 15. Ne1 Bg4 (15... e5 $17) 16. Bf3 $1 $11 {[%cal Rf3g4]} Bxf3 17. Nxf3 e5 18. Kg2 Qd7 19. d4 exd4 20. exd4 Ne6 21. d5 cxd5 22. Nxd5 {Hoping for Nf6+!} Kh8 $2 (22... Qd8 $11) 23. Nb6 $1 $36 {[%csl LRa8,LRd7][%mdl 2112] [#] Double Attack, Discovered Attack. White has strong initiative.} Qc6 24. Nxa8 Rxa8 25. b3 {[%cal Bb2b3,Bb3b4][%mdl 32]} h5 26. Rfe1 Kg8 27. Rd5 Rc8 28. Qe4 a4 29. b4 Qxc4 30. Qxc4 Rxc4 31. Ra5 (31. Re2 $16) 31... Rc2+ $1 $14 32. Kf1 Rc3 $1 {[%cal Rc3f3]} 33. Nh4 Nd4 34. Ra8+ Kh7 35. Re7 $1 {[%cal Re7f7]} g5 36. Ng2 Kg6 37. Rxb7 Rc1+ (37... Rf3+ $11 38. Ke1 Rxa3) 38. Ne1 $16 Nf3 {[#]} (38... Be5 $142) 39. Ra6+ $1 f6 40. Re6 (40. Re7 $16) 40... Nxh2+ $14 41. Kg2 (41. Ke2 $14) 41... Ng4 $11 42. b5 {Threatens to win with b6.} Bf8 43. Nf3 $2 (43. b6 $11 {and White is okay.}) 43... Rc2+ $19 {[%mdl 1024] Black has strong compensation.} 44. Kh1 Bc5 (44... Rf2 $19 45. Re8 Bc5) 45. Rc6 $2 {[%mdl 8192]} ({Better is} 45. Rc7 $1 $15) 45... Rc1+ $2 (45... Nf2+ $19 46. Kg1 Ne4+ {[%mdl 64] Discovered Attack} 47. Rxc5 Rxc5) 46. Kg2 $11 Rc2+ $2 {[%mdl 8192]} (46... Rc3 $11 47. Rd7 Ne3+ 48. Kf2 Nf5+ 49. Kg2 Ne3+ 50. Kf2 Nf5+ 51. Kg2 Ne3+) 47. Kh1 $1 $19 Nf2+ 48. Kg1 Ne4+ 49. Rxc5 Nxc5 $2 ({Black should try} 49... Rxc5 $19 50. Nd4 Rc3) 50. Rc7 $11 {The position is equal.} Rc3 51. Kg2 Rc2+ 52. Kg1 Rc3 53. Kg2 Rc2+ {Accuracy: White = 44%, Black = 50%.} 1/2-1/2

[Event "Bistro Stella Rapid 2018"]
[Site "Limhamm"]
[Date "2018.12.01"]
[Round "3"]
[White "Tikkanen, Hans"]
[Black "Semcesen, Daniel"]
[Result "0-1"]
[WhiteElo "2519"]
[BlackElo "2464"]
[Annotator "TA"]
[PlyCount "128"]
[EventDate "2018.12.01"]
[EventType "swiss"]
[EventCountry "SWE"]
[SourceTitle "playchess.com"]
[Source "ChessBase"]
[SourceQuality "1"]

{[%evp 9,128,-15,-14,-41,-49,-60,-56,-62,-35,-50,-42,-113,-98,-123,-141,-125,-117,-124,-96,-107,-64,-59,-31,-31,-22,-31,-29,-23,-21,-54,0,-23,0,-18,0,0,0,-2,0,0,6,0,0,0,0,-9,0,-27,-8,-59,-37,-31,0,-40,-18,-35,-2,-23,0,-27,-27,-28,-32,-29,-15,-16,-22,-33,-12,-9,-9,-20,-7,-21,-21,-23,-23,-66,-61,-81,-64,-180,-172,-180,-164,-223,-225,-227,-234,-220,-207,-226,-162,-226,-224,-294,-281,-1279,-1256,-1160,-972,-1789,-947,-948,-925,-491,0,-489,0,-1297,-1286,-1247,-919,-1465,-1372,-1462,-1269,-8110,-7519,-29979,-29980]} 1. d4 d5 2. Bf4 Bf5 3. c4 (3. Nf3 Nf6 4. e3 e6 5. Be2 Bd6 6. Bg3 O-O 7. Nbd2 c5 8. c3 Nc6 9. Qa4 Ne4 10. Nxe4 Bxe4 11. Qb5 a6 12. Qb3 b5 13. O-O Bxg3 14. hxg3 cxd4 15. cxd4 Bxf3 16. gxf3 {1-0 (38) Aronian,L (2767)-Giri,A (2782) chess.com INT 2018}) 3... e6 4. cxd5 exd5 5. Qb3 Nc6 6. Nf3 {D00: 1 d4 d5: Unusual lines} Nb4 7. Na3 c6 8. e3 {Black is slightly better.} Qa5 9. Nd2 Nf6 {[%cal Bg8f6,Bf6d7,Bd7b6][%mdl 32]} 10. f3 (10. Be2 $15) 10... Be7 $17 11. g4 $146 ({Predecessor:} 11. Bg3 O-O 12. Bf2 c5 13. dxc5 Bxc5 {0-1 (52) Pelech,L (2160)-Sales,J Long Beach 1994}) 11... Bg6 12. h4 {Strongly threatening h5.} h6 13. Be2 Nd7 14. Bg3 Nb6 15. O-O Nc2 {[%mdl 64] [#] Decoy} 16. Nxc2 Qxd2 {[%mdl 64] Double Attack} 17. Bd1 O-O 18. Rf2 Qa5 19. Be2 Rfe8 (19... c5 $15 20. Ne1 c4) 20. Ne1 Bf8 21. Ng2 (21. h5 {with more complications.} Bh7 22. Bf4 c5 23. dxc5 Bxc5 24. Bb5) 21... Qb4 22. Qxb4 Bxb4 23. a3 Bf8 24. Rc1 a5 25. Bc7 Nc8 26. Rc3 Nd6 27. Nf4 Bh7 28. Bf1 a4 29. Ng2 (29. Bb6 $11) 29... Rec8 30. Bb6 Re8 31. Bc5 Rac8 32. Rd2 Rcd8 33. Rd1 Ra8 34. Rdc1 g5 35. hxg5 hxg5 36. Kf2 Bg6 37. Be2 Kg7 38. Rh1 f6 39. Rcc1 Be7 40. Ne1 Rh8 41. Rxh8 Rxh8 42. Kg2 Kf7 43. Bxd6 Bxd6 44. Kg1 f5 45. Bd3 ({White should try} 45. gxf5 $15 Bxf5 46. Bd3) 45... fxg4 $19 46. fxg4 {[#]} Rh4 $1 47. Bxg6+ (47. Be2 $142) 47... Kxg6 {[%mdl 4096] Endgame KRB-KRN} 48. Nf3 Rxg4+ 49. Kf2 Re4 {...Rxe3! is the strong threat.} 50. Rg1 Be7 51. Ne5+ (51. Ke2 {was worth a try.}) 51... Kf5 52. Rh1 Rh4 53. Rxh4 $2 (53. Rf1) 53... gxh4 {KB-KN} 54. Kf3 Bd6 55. Ng4 Kg5 56. Nf2 Bg3 {aiming for ...Bxf2.} 57. Nd3 Bd6 58. Nf2 $1 Kf5 $2 (58... Be7 $19 {And now ...Kf5 would win.} 59. Ng4 Kf5 60. Nh6+ Ke6) 59. e4+ $2 {[%mdl 8192]} (59. Ng4 $11 h3 60. Nh6+ Kg6 61. Ng4) 59... dxe4+ 60. Nxe4 Be7 61. Nc3 Bf6 62. Ne2 Bg7 63. Nc3 Bxd4 64. Nxa4 b5 {Accuracy: White = 38%, Black = 51%.} 0-1

[Event "Bistro Stella Rapid 2018"]
[Site "Limhamm"]
[Date "2018.12.01"]
[Round "3"]
[White "Hector, Jonny"]
[Black "Westerberg, Jonathan"]
[Result "1-0"]
[WhiteElo "2501"]
[BlackElo "2534"]
[Annotator "TA"]
[PlyCount "59"]
[EventDate "2018.12.01"]
[EventType "swiss"]
[EventCountry "SWE"]
[SourceTitle "playchess.com"]
[Source "ChessBase"]
[SourceQuality "1"]

{[%evp 9,59,0,27,7,13,7,8,2,1,0,28,17,10,12,22,14,67,65,75,68,211,208,203,129,131,128,331,318,422,406,421,414,690,690,649,666,665,659,1880,1806,1215,1215,1207,1202,1108,1120,1083,1075,6303,619,6231,5414]} 1. e4 e5 2. Nf3 Nf6 3. d4 Nxe4 4. dxe5 d5 5. Nbd2 Qd7 {LiveBook: 4 Games} 6. Bd3 {C43: Petroff Defence: 3 d4} Nc5 {[%cal Be4c5,Bc5e6,Be6f4,Bf4e2][%mdl 32]} 7. Be2 Ne6 $146 ({Predecessor:} 7... g6 8. Nb3 Ne6 9. Be3 c5 10. Ng5 b6 11. Nxe6 fxe6 12. a4 Bb7 13. O-O {0-1 (40) Vitiugov,N (2735)-Caruana,F (2784) Karlsruhe/Baden-Baden 2018}) 8. O-O {The position is equal.} Be7 9. c4 Nf4 10. cxd5 Nxe2+ 11. Qxe2 {Black should prevent Qe4.} Qxd5 12. Rd1 Bg4 (12... Qe6 $11) 13. h3 $14 Bh5 14. Ne4 Bxf3 ({Black should play} 14... Qe6 $1 $14) 15. Qxf3 $18 (15. Rxd5 $2 {perishes.} Bxe2 16. b3 Nc6 $19) 15... Qc6 16. Be3 {[#] Rac1 is the strong threat.} Nd7 17. Rac1 $36 {[%mdl 2048] White is on the roll.} Nxe5 $2 (17... Qe6 $16) 18. Qf5 Nc4 19. Bc5 Bxc5 20. Nxc5 ({Stronger than} 20. Qxc5 Qxc5 21. Nxc5 Nd6 $11) 20... g6 (20... O-O $142 21. Rxc4 b6) 21. Re1+ {White is clearly winning.} Kf8 22. Qg5 b5 23. b3 {[%cal Bb2b3,Bb3c4,Bc4b5][%mdl 32]} f6 24. Qh6+ Kf7 25. bxc4 {Re7+! would kill now.} Qxc5 26. cxb5 Qd6 27. Rc6 Qd7 28. Qf4 {[%mdl 64] [#] Double Attack} Rhc8 29. Qxf6+ Kg8 30. Re7 {Accuracy: White = 89%, Black = 44%.} 1-0

[Event "Bistro Stella Rapid 2018"]
[Site "Limhamm"]
[Date "2018.12.01"]
[Round "4"]
[White "Grandelius, Nils"]
[Black "Hillarp Persson, Tiger"]
[Result "1-0"]
[WhiteElo "2678"]
[BlackElo "2546"]
[Annotator "TA"]
[PlyCount "81"]
[EventDate "2018.12.01"]
[EventType "swiss"]
[EventCountry "SWE"]
[SourceTitle "playchess.com"]
[Source "ChessBase"]
[SourceQuality "1"]

{[%evp 20,81,42,37,94,77,77,76,91,62,55,60,121,84,96,74,112,76,105,97,134,96,177,125,197,181,216,157,270,210,267,253,277,279,283,265,261,261,375,276,402,414,347,294,400,393,496,447,461,474,859,839,973,980,924,793,1358,1312,1446,1458,1825,1804,29983,29984]} 1. c4 c5 2. Nf3 Nc6 3. d4 cxd4 4. Nxd4 g6 5. e4 Bg7 6. Be3 Nf6 7. Nc3 O-O 8. Be2 b6 9. O-O Bb7 10. f3 e6 11. Rc1 {LiveBook: 17 Games} Qb8 {B38: Sicilian: Maroczy Bind with 5...Bg7 and 7...0-0} ({Better is} 11... Qe7 $14) (11... d5 12. Nxc6 Bxc6 13. e5 Ne8 14. cxd5 exd5 15. f4 Nc7 16. Bf3 f6 17. e6 f5 18. Bd4 Nxe6 19. Bxg7 Kxg7 20. Nxd5 Rc8 21. Re1 Bxd5 22. Rxc8 Qxc8 23. Qxd5 Qc5+ 24. Qxc5 {½-½ (24) Bobras,P (2535)-Gaponenko,I (2469) Germany 2011}) 12. Qd2 Rd8 13. Rfd1 Nh5 $146 {White is better.} ({Predecessor:} 13... d6 14. Nc2 Rd7 15. Qe1 Qf8 16. Qh4 h6 17. Rd2 Ne7 18. Rcd1 Rad8 19. g4 g5 {0-1 (36) Klerides,P (2226)-Quinn,M (2381) Istanbul 2000}) 14. Qe1 Be5 15. g3 Bg7 (15... Nxd4 $14 16. Bxd4 f5) 16. Qf2 Nf6 17. Ndb5 Ne8 18. Bg5 f6 19. Be3 h6 20. Rd2 Bf8 (20... f5 $16) 21. Rcd1 ({White should play} 21. f4 $18) 21... d6 (21... Ne5 $16) 22. f4 $18 Ne7 23. Nd4 Ng7 (23... Qc8 $16 24. f5 exf5) 24. Bf3 Kh7 25. Ndb5 Nc8 26. g4 a6 27. Nd4 e5 28. Nde2 b5 (28... Qc7 $142 29. Nd5 Bxd5) 29. c5 Re8 (29... Qc7 {was necessary.} 30. cxd6 (30. fxe5 fxe5 31. Bxh6 Be7 $18) 30... Rxd6) 30. f5 g5 31. b4 {[%cal Bb2b4,Bb4c5][%mdl 32]} dxc5 32. bxc5 Bc6 33. Nd5 Be7 34. h4 Ra7 (34... Rh8 $142 35. Nec3 Qb7 36. Nxe7 Nxe7) 35. hxg5 hxg5 36. Qh2+ Kg8 37. Qh6 Rf8 38. Kg2 Bd8 39. Rh1 Bxd5 40. exd5 {[%cal Be4d5,Bd5d6][%mdl 32]} Ne7 41. d6 {Accuracy: White = 64%, Black = 13%.} 1-0

[Event "Bistro Stella Rapid 2018"]
[Site "Limhamm"]
[Date "2018.12.01"]
[Round "4"]
[White "Westerberg, Jonathan"]
[Black "Hansen, Sune Berg"]
[Result "1/2-1/2"]
[WhiteElo "2534"]
[BlackElo "2583"]
[Annotator "TA"]
[PlyCount "93"]
[EventDate "2018.12.01"]
[EventType "swiss"]
[EventCountry "SWE"]
[SourceTitle "playchess.com"]
[Source "ChessBase"]
[SourceQuality "1"]

{[%evp 18,93,12,14,14,10,11,10,13,8,19,-4,0,-11,0,0,13,-10,0,-8,-15,-8,0,-29,-23,-24,-17,-49,-28,-30,-24,-28,-31,-154,-152,-153,-135,-150,-143,-150,-107,-166,-62,-549,0,0,0,-76,0,0,0,0,6,-17,-14,-19,-19,-95,172,-12,-14,-14,0,0,0,0,0,0,0,0,0,0,0,0,0,0,0,0]} 1. d4 Nf6 2. Nf3 g6 3. Nbd2 c5 4. dxc5 Qa5 5. b3 (5. a3 Qxc5 6. b4 Qc7 7. Bb2 Bg7 8. c4 d6 9. g3 b6 10. Bg2 Bb7 11. O-O O-O 12. Qb3 Nbd7 13. Rfd1 Rac8 {½-½ (39) Xiong,J (2656)-Jones,G (2677) Douglas 2018}) 5... Bg7 6. Bb2 {A48: 1 d4 Nf6 2 Nf3 g6: Torre, London and Colle Systems} O-O 7. e3 Qxc5 8. c4 b6 9. Be2 Bb7 10. O-O {LiveBook: 5 Games} d6 11. Rc1 {[%cal Ba1c1,Bc1c2,Bc2d2][%mdl 32]} a6 $146 ({Predecessor:} 11... Nbd7 12. Qc2 {0-1 (49) Souza,M (1920)-De Moura,S (2043) Sao Paulo 2015}) 12. Nb1 Nbd7 13. Nc3 Rfd8 14. Rc2 Rac8 15. Rd2 Qc7 16. Qa1 Bf8 17. Rfd1 e6 18. h3 Be7 19. Ne1 Qb8 20. a4 Nc5 21. Qa2 d5 22. Ba3 dxc4 23. Bxc4 Rxd2 24. Rxd2 Qe5 $36 {[%mdl 2048] Black is pushing.} 25. Bb2 ({White should play} 25. Nd3 $15 Qg5 26. Ne1) 25... Bd6 $17 26. Nf3 Bxf3 $1 27. gxf3 {Threatens to win with f4.} Qh2+ {[%mdl 64] Double Attack} 28. Kf1 Nh5 29. Ke2 (29. b4 $17 {was called for.} Nxa4 30. Qxa4 Ng3+ 31. fxg3 Qxd2 {[%mdl 64] Double Attack} 32. Qxa6 Rxc4 33. Qxc4 Qxb2 34. Ne4 Bxb4 35. h4) 29... Bg3 ({Black should try} 29... a5 $19 {White must now prevent ...Bg3.} 30. Ba3 Ng3+ 31. Kd1 Nf5) 30. Nd1 $2 {[%mdl 8192]} (30. Kd1 $1 $15 Bxf2 31. b4 Qg1+ 32. Kc2) 30... Be5 $2 (30... Bh4 $19 {( -> ...Ng3+)} 31. Rd4 Bxf2 $1 {[%mdl 512]}) 31. Bxe5 $11 Qxe5 32. Ke1 {[#]} (32. b4 $11 Nxa4 33. Bxa6 Nc3+ 34. Nxc3 Rxc3 35. Qb2) 32... Qh2 (32... a5 $1 $17 {...Qf5 is the strong threat.} 33. Qb2 Qf5) 33. b4 {[#]} Nxa4 $1 {[%mdl 512]} 34. Bxe6 (34. Qxa4 Rxc4) 34... Nc3 {[%cal Rh2h1]} 35. Bxf7+ Kg7 {[%cal Rh2h1]} 36. Nxc3 Rxc3 37. Qb2 {[#]} (37. Rd1 $1 $11 {keeps the balance.} Qh1+ 38. Ke2 Ng3+ 39. Kd2 Rd3+ {[%mdl 64] Decoy} 40. Kxd3 Qxd1+ 41. Qd2 Qxf3 42. Qc3+ Kh6 43. fxg3 Qxf7 44. Ke2) 37... Qg1+ (37... Qh1+ $1 $17 38. Ke2 Nf4+ 39. exf4 Qxf3+ {[%mdl 64] Double Attack} 40. Ke1 Qh1+ 41. Ke2 Qf3+ {[%mdl 64] Double Attack} 42. Ke1 Kxf7 43. Rd7+ Ke6) 38. Ke2 Ng3+ $1 {The position is equal.} 39. fxg3 Qxe3+ {[%mdl 64] Double Attack} 40. Kf1 {And now Bd5 would win.} Qxf3+ 41. Rf2 Qh1+ 42. Ke2 Qe4+ 43. Kf1 Qd3+ 44. Ke1 Qe3+ 45. Kf1 Qd3+ 46. Ke1 Qe3+ 47. Kf1 {Accuracy: White = 43%, Black = 31%.} 1/2-1/2

[Event "Bistro Stella Rapid 2018"]
[Site "Limhamm"]
[Date "2018.12.01"]
[Round "4"]
[White "Tikkanen, Hans"]
[Black "Hector, Jonny"]
[Result "1-0"]
[WhiteElo "2519"]
[BlackElo "2501"]
[Annotator "TA"]
[PlyCount "89"]
[EventDate "2018.12.01"]
[EventType "swiss"]
[EventCountry "SWE"]
[SourceTitle "playchess.com"]
[Source "ChessBase"]
[SourceQuality "1"]

{[%evp 12,89,11,8,21,18,19,18,20,0,2,-4,0,-31,-20,-38,-28,-37,-29,-30,-27,-68,-22,-39,-37,-77,-47,-63,-60,-61,-54,-118,-43,-38,0,0,0,0,0,-20,0,0,0,0,0,0,402,424,422,413,378,398,375,362,674,672,654,616,601,591,739,731,740,735,744,731,727,720,657,647,741,719,745,744,885,835,1958,1906,1551,1331]} 1. d4 d5 2. Bf4 c5 3. e3 Nc6 4. c3 Nf6 5. Nd2 cxd4 (5... Bf5 6. Ngf3 e6 7. Nh4 Be4 8. Nhf3 Bf5 9. Nh4 Be4 10. Qb3 Qc8 11. Nhf3 Bf5 12. Be2 Be7 13. O-O O-O 14. h3 h6 15. Rfe1 c4 16. Qd1 b5 {1-0 (66) Grachev,B (2626)-Najer,E (2663) Moscow 2018}) 6. exd4 {D00: 1 d4 d5: Unusual lines} Bf5 7. Qb3 {LiveBook: 57 Games} Qd7 8. Ngf3 {The position is equal.} a6 9. Nh4 Be4 $146 ({Predecessor:} 9... Bg6 10. Nxg6 hxg6 11. Bd3 e6 12. Nf3 Bd6 13. Bxd6 Qxd6 {½-½ (60) Walczak,P (2498)-Morley,P (2362) ICCF email 2016}) 10. f3 Bg6 $1 11. Nxg6 hxg6 12. Bd3 e6 13. O-O-O b5 14. Kb1 $1 Bd6 15. Bxd6 Qxd6 16. g3 Ke7 17. Rde1 Rhc8 18. f4 b4 19. cxb4 Nxd4 20. Qa4 $1 Ng4 {And now ...Nf2 would win.} 21. Be2 (21. Ref1 $15) 21... Nxe2 (21... Ne3 $17 {aiming for ...Nec2.} 22. Nf3 Nxf3 23. Bxf3 Nc2) 22. Rxe2 $15 Qb6 (22... d4 $5 {[%cal Rd4d3]} 23. Rd1 Ne3 $15) 23. Nb3 $1 Rc4 24. a3 Rac8 25. Rd1 ({Don't blunder} 25. Nc5 $2 Qxc5 $1 {[%mdl 512]} 26. bxc5 Rxa4 $19) 25... Kf8 26. Qa5 Qxa5 27. Nxa5 Re4 28. Rde1 Nxh2 $2 {[%mdl 8192]} (28... Rxe2 $11 29. Rxe2 Ke7) 29. Rxe4 $18 dxe4 $11 {[%mdl 4096] Endgame [#] KRN-KRN} 30. Rh1 $1 f5 31. Rxh2 $18 {KRN-KR} Kf7 32. Rc2 Rd8 $2 (32... Re8 33. Rc6 g5) 33. Nc6 {White is clearly winning.} Rd1+ 34. Rc1 Rd2 35. Ne5+ Ke8 36. Rc8+ Ke7 37. Nxg6+ Kd7 38. Rc2 Rd1+ 39. Rc1 Rd2 40. Ne5+ Kd8 41. Rc3 Rd1+ 42. Kc2 Rg1 43. a4 {[%cal Ba3a4,Ba4b5][%mdl 32]} Ke7 44. b5 axb5 45. axb5 {Accuracy: White = 71%, Black = 36%.} 1-0

[Event "Bistro Stella Rapid 2018"]
[Site "Limhamm"]
[Date "2018.12.01"]
[Round "4"]
[White "Semcesen, Daniel"]
[Black "Brynell, Stellan"]
[Result "1-0"]
[WhiteElo "2464"]
[BlackElo "2409"]
[Annotator "TA"]
[PlyCount "131"]
[EventDate "2018.12.01"]
[EventType "swiss"]
[EventCountry "SWE"]
[SourceTitle "playchess.com"]
[Source "ChessBase"]
[SourceQuality "1"]

{[%evp 10,131,25,24,38,28,50,24,19,25,25,25,25,26,42,37,55,0,34,30,91,75,134,142,136,118,138,36,38,43,57,40,39,41,37,35,45,44,105,14,14,9,8,12,12,-43,0,-53,2,-35,58,-44,123,-8,120,133,120,127,116,126,161,164,133,151,174,168,167,152,152,127,198,197,180,95,409,424,420,367,381,378,332,262,229,95,95,95,95,95,95,95,95,95,113,132,2956,3618,1357,693,29959,29959,5608,5324,29973,29968,29975,29971,29975,29972,29974,29970,29977,29978,29978,29979,29979,29980,29981,29982,29982,29983,29985,29979,29971,29972]} 1. d4 Nf6 2. Nf3 e6 3. Bg5 {[%cal Bc1g5,Bg5h4,Bh4g3][%mdl 32]} h6 4. Bh4 c5 5. c3 cxd4 6. cxd4 {LiveBook: 31 Games} g5 {A46: 1 d4 Nf6 2 Nf3 e6: Torre, London and Colle Systems} (6... Qa5+ 7. Nbd2 g5 8. Bg3 Nc6 9. e3 Ne4 10. a3 Nxg3 11. hxg3 Bg7 12. b4 Qd8 13. Rc1 d5 14. Nb3 {1-0 (45) Karpov,A (2626)-Vaisser,A (2506) Cap d'Agde 2017}) 7. Bg3 Qb6 $146 ({Predecessor:} 7... Ne4 8. e3 Qa5+ 9. Nfd2 d5 10. Bd3 Nxg3 11. hxg3 Bg7 12. Nc3 Nc6 13. Nb3 Qd8 14. Rc1 {½-½ (44) Biedma Martin,E (2283)-Bellon Lopez,J (2432) Huelva 2001}) 8. Qc1 Nc6 {White has an edge.} 9. e3 d5 10. Nc3 Bd7 11. Ne5 Rc8 12. Be2 Bg7 13. O-O (13. h4 $14) 13... O-O 14. Qd2 Na5 (14... Nxe5 $11 15. dxe5 Nh7) 15. Rac1 Nc4 (15... Nc6 $142) 16. Bxc4 $16 dxc4 17. Qe2 Qa6 18. b3 (18. h4 $16) 18... cxb3 $14 {Threatens to win with ...Qxe2.} 19. Qxa6 bxa6 20. axb3 Bb5 21. Nxb5 axb5 22. Nc6 Ra8 $1 23. Ra1 a6 (23... a5 $1 $14) 24. Bc7 (24. Ra3 $16) 24... Nd5 $11 25. Ba5 Rfc8 26. Rac1 {Hoping for e4.} Bf8 27. b4 (27. e4 $11 Ne7 28. Nb4) 27... Bd6 28. Rc2 (28. e4 $11 Ne7 29. Nxe7+ Bxe7 30. f3) 28... f6 (28... f5 $1 $15) 29. Rfc1 {Strongly threatening e4.} Re8 (29... f5 $15) 30. g3 ({White should try} 30. e4 $14) 30... g4 $2 (30... f5 $1 $15 {stays ahead.}) 31. Kg2 (31. e4 $16) 31... Kf7 (31... f5 $1 $11) 32. e4 $36 {[%mdl 2048] Keeping Black busy.} Ne7 33. e5 fxe5 34. dxe5 Nxc6 35. exd6 Nxa5 36. bxa5 {[%mdl 4096] Endgame KRR-KRR} Red8 37. Rc7+ Kf6 {[#]} 38. R1c6 $1 h5 39. Rh7 Kg6 (39... Rab8 $16 {keeps fighting.}) 40. Rb7 $18 Kf6 41. h3 ({White should play} 41. d7 $18) 41... Rab8 $2 {[%mdl 8192]} (41... Rdc8 $16 {is more resistant.} 42. Rcb6 Rh8) 42. Rxb8 Rxb8 43. Rxa6 {KR-KR} b4 44. Rb6 Ra8 45. hxg4 ({Not} 45. Rxb4 Rxa5 46. Rf4+ (46. hxg4 hxg4 47. Rxg4 Rd5 $16) 46... Ke5 $16) 45... hxg4 46. Rxb4 (46. a6 $18 {is more deadly.}) 46... Rxa5 $16 47. Rxg4 Rd5 48. Rf4+ Kg6 49. Kf3 Rxd6 50. Ke4 Ra6 51. Ke5 Rb6 $2 {[%mdl 8192] [#]} (51... Kg7 $16 52. Rc4 Ra5+ 53. Kxe6 Ra3 54. Rg4+ Kf8) 52. Rf6+ $1 $18 Kg5 53. Rxe6 Rb2 54. f4+ Kg4 55. Rg6+ Kf3 56. Kf6 {White mates.} Ke4 57. Kg5 Kf3 58. g4 {[%cal Bg3g4,Bg4g5,Bg5g6][%mdl 32]} Rb4 59. Rf6 Ra4 60. Kh5 Ra1 61. g5 Rh1+ 62. Kg6 Kg4 63. Kg7 Ra1 64. g6 Kh5 65. Rf5+ Kg4 66. Rf7 {Accuracy: White = 47%, Black = 24%.} 1-0

[Event "Bistro Stella Rapid 2018"]
[Site "Limhamm"]
[Date "2018.12.01"]
[Round "5"]
[White "Hansen, Sune Berg"]
[Black "Tikkanen, Hans"]
[Result "1/2-1/2"]
[WhiteElo "2583"]
[BlackElo "2519"]
[Annotator "TA"]
[PlyCount "55"]
[EventDate "2018.12.01"]
[EventType "swiss"]
[EventCountry "SWE"]
[SourceTitle "playchess.com"]
[Source "ChessBase"]
[SourceQuality "1"]

{[%evp 26,55,19,19,19,16,52,38,38,39,37,45,42,39,52,43,44,19,18,17,39,32,46,41,42,38,30,27,34,0,0,0]} 1. Nf3 Nf6 2. g3 g6 3. b3 Bg7 4. Bb2 O-O 5. Bg2 d5 6. c4 c5 7. cxd5 Nxd5 8. Bxg7 Kxg7 9. O-O Nc6 10. Qc1 b6 11. Qb2+ f6 {A05: Réti Opening: 1 Nf3 Nf6} 12. d4 cxd4 13. Nxd4 Nxd4 14. Qxd4 {LiveBook: 3 Games} Bb7 (14... Be6 15. Rd1 Qc7 16. Bxd5 Bxd5 17. Nc3 Bf7 18. Nb5 Qc6 19. Qd7 {½-½ (63) Anurag,M (2454)-Kozul,Z (2631) Skopje 2017}) 15. Rd1 {[#] And now Qb2 would win.} e6 16. Nc3 Nxc3 17. Qxc3 Qe7 18. Bxb7 Qxb7 19. Rd6 e5 20. Rad1 Rf7 {[#]} 21. h4 $146 ({Predecessor:} 21. Qc6) 21... Rc8 22. Qd3 h5 23. a4 Rcc7 24. b4 Qc8 25. Rd8 Qg4 26. e4 Qe6 27. Qb5 Qc6 28. Qxc6 {Accuracy: White = 50%, Black = 59%.} 1/2-1/2